[Event "Poznan op 24th"]
[Site "Poznan"]
[Date "2016.08.14"]
[Round "8"]
[White "Stochnialek, Dominika"]
[Black "Kus, Aleksander"]
[Result "0-1"]
[WhiteElo "1575"]
[BlackElo "1788"]
[PlyCount "48"]
[EventDate "2016.08.08"]
[EventType "swiss"]
[EventRounds "9"]
[EventCountry "POL"]
[SourceTitle "EXT 2017"]
[Source "ChessBase"]
[SourceDate "2016.10.25"]
[SourceVersion "1"]
[SourceVersionDate "2016.10.25"]
[SourceQuality "1"]

1. e4 c5 2. Nf3 d6 3. d4 cxd4 4. Nxd4 Nf6 5. Nc3 a6 6. Bg5 Nbd7 7. Bc4 Qb6 8. Bb3 e6 9. Qd2 Be7 10. 0-0-0 Nc5 11. f3 0-0 12. g4 Rd8 13. h4 Qc7 14. h5 b5 15. a3 Rb8 16. Be3 Nxb3+ 17. Nxb3 Nd7 18. Kb1 Ne5 19. Qg2 Nc4 20. Bc1 a5 21. a4 bxa4 22. Nxa4 Bd7 23. Nc3 a4 24. Nd2 Nxb2 0-1

[Event "Poznan op 24th"]
[Site "Poznan"]
[Date "2016.08.13"]
[Round "7"]
[White "Kupsik, Joanna"]
[Black "Stochnialek, Dominika"]
[Result "1/2-1/2"]
[WhiteElo "1728"]
[BlackElo "1575"]
[PlyCount "111"]
[EventDate "2016.08.08"]
[EventType "swiss"]
[EventRounds "9"]
[EventCountry "POL"]
[SourceTitle "CBM 173 Extra"]
[Source "ChessBase"]
[SourceDate "2016.08.29"]
[SourceVersion "1"]
[SourceVersionDate "2016.08.29"]
[SourceQuality "1"]

1. e4 c5 2. Nf3 d6 3. d4 cxd4 4. Nxd4 Nf6 5. Nc3 g6 6. Be2 Bg7 7. 0-0 0-0 8. Be3 Nc6 9. f4 Qb6 10. Rb1 Nxe4 11. Nd5 Qd8 12. Bf3 Nxd4 13. Bxd4 Nc5 14. Bxg7 Kxg7 15. Qd4+ Kg8 16. Rfe1 Ne6 17. Qc3 Bd7 18. f5 gxf5 19. Qd3 Bc6 20. Qxf5 Bxd5 21. Bxd5 Qb6+ 22. Kh1 Ng7 23. Qf3 e6 24. Bxb7 Rab8 25. Be4 f5 26. Bd3 Qc5 27. c3 e5 28. Bc2 e4 29. Qh3 d5 30. Bb3 Rb6 31. Rbd1 Rd6 32. Qe3 Qxe3 33. Rxe3 Rfd8 34. Re2 Kf7 35. Kg1 Ke6 36. Kf2 Ke5 37. g3 Ne6 38. Red2 Ng5 39. Re2 Nf3 40. Kg2 d4 41. cxd4+ Nxd4 42. Re3 Nxb3 43. Rxd6 Rxd6 44. Rxb3 Rd2+ 45. Kg1 Kd4 46. h4 Rd3 47. Rb4+ Kc5 48. Rb7 Rxg3+ 49. Kf2 Rf3+ 50. Ke2 a5 51. Rxh7 f4 52. h5 Rh3 53. h6 Rh2+ 54. Kf1 Kd4 55. Kg1 Rh5 56. Kf2 1/2-1/2

[Event "Poznan op 24th"]
[Site "Poznan"]
[Date "2016.08.09"]
[Round "2"]
[White "Stochnialek, Dominika"]
[Black "Piechota, Jozef"]
[Result "1-0"]
[WhiteElo "1575"]
[BlackElo "1196"]
[PlyCount "55"]
[EventDate "2016.08.08"]
[EventType "swiss"]
[EventRounds "9"]
[EventCountry "POL"]
[SourceTitle "CBM 173 Extra"]
[Source "ChessBase"]
[SourceDate "2016.08.29"]
[SourceVersion "1"]
[SourceVersionDate "2016.08.29"]
[SourceQuality "1"]

1. e4 e5 2. Nf3 Nc6 3. Bc4 Bc5 4. b4 Bxb4 5. c3 Ba5 6. d4 d6 7. 0-0 h6 8. dxe5 Bg4 9. exd6 Ne5 10. Be2 cxd6 11. Ba3 Bc7 12. Bb5+ Nc6 13. h3 Be6 14. Nd4 Nge7 15. f4 Bd7 16. Bc4 0-0 17. Nb5 Bb6+ 18. Kh1 Bc5 19. Nxd6 b6 20. Bxc5 bxc5 21. Qh5 Be6 22. Qxc5 Qc7 23. Bxe6 fxe6 24. e5 Rad8 25. Qc4 Qd7 26. Nd2 Kh8 27. N2e4 Nf5 28. Qc5 1-0

[Event "Poznan op 24th"]
[Site "Poznan"]
[Date "2016.08.08"]
[Round "1"]
[White "Tomaszewski, Kacper"]
[Black "Stochnialek, Dominika"]
[Result "1-0"]
[WhiteElo "2187"]
[BlackElo "1575"]
[PlyCount "85"]
[EventDate "2016.08.08"]
[EventType "swiss"]
[EventRounds "9"]
[EventCountry "POL"]
[SourceTitle "CBM 173 Extra"]
[Source "ChessBase"]
[SourceDate "2016.08.29"]
[SourceVersion "1"]
[SourceVersionDate "2016.08.29"]
[SourceQuality "1"]

1. d4 Nf6 2. c4 c5 3. d5 b5 4. cxb5 a6 5. bxa6 Bxa6 6. Nc3 d6 7. Nf3 g6 8. g3 Bg7 9. Bg2 0-0 10. Rb1 Qb6 11. 0-0 Nbd7 12. Qc2 Rfb8 13. b3 Qa7 14. a4 Rb7 15. Bd2 Ng4 16. h3 Nge5 17. Ne1 Rab8 18. Kh2 Nf6 19. f4 Ned7 20. Nf3 Nb6 21. Nh4 Na8 22. Rfe1 Nc7 23. e4 Nd7 24. Nf3 Rb6 25. e5 Bb7 26. a5 Ra6 27. exd6 exd6 28. Re7 Rd8 29. Ng5 f6 30. Ne6 Nxe6 31. dxe6 Bxg2 32. Rxd7 Rxd7 33. exd7 Qa8 34. d8Q+ Qxd8 35. Kxg2 Rxa5 36. Nd5 Rb5 37. Qc4 Rb7 38. Nxf6+ Kh8 39. Nd5 Bd4 40. Bc3 Bxc3 41. Qxc3+ Kg8 42. Re1 Qa8 43. Re8+ 1-0

[Event "POL-ch U18 Girls"]
[Site "Szklarska Poreba"]
[Date "2016.03.15"]
[Round "3"]
[White "Wierzbowska, Aleksandra"]
[Black "Stochnialek, Dominika"]
[Result "1-0"]
[WhiteElo "1685"]
[BlackElo "1448"]
[PlyCount "95"]
[EventDate "2016.03.13"]
[EventType "swiss"]
[EventRounds "9"]
[EventCountry "POL"]
[SourceTitle "EXT 2018"]
[Source "ChessBase"]
[SourceDate "2017.10.13"]
[SourceVersion "1"]
[SourceVersionDate "2017.10.13"]
[SourceQuality "1"]

1. d4 Nf6 2. Bg5 h6 3. Bxf6 gxf6 4. e3 d5 5. c4 c6 6. Nc3 b6 7. cxd5 cxd5 8. Bb5+ Bd7 9. Bxd7+ Qxd7 10. Qf3 e6 11. Qxf6 Rg8 12. Qf3 Nc6 13. Nge2 Na5 14. b3 Bd6 15. 0-0 Rg5 16. Ng3 f5 17. Nce2 Qf7 18. h4 Rg4 19. h5 Kd7 20. Nf4 Qf6 21. Nxd5 exd5 22. Qxd5 Rag8 23. b4 Nc6 24. Rac1 Nxb4 25. Qb7+ Ke6 26. a3 Nd5 27. Rc8 R4g7 28. Qc6 Ne7 29. Qc4+ Kd7 30. Rxg8 Rxg8 31. Qa4+ Kd8 32. Qxa7 Bxg3 33. fxg3 Qd6 34. Rf3 Nc8 35. Qf7 Ne7 36. Qh7 b5 37. Qf7 Kd7 38. Qb3 Kc6 39. Rxf5 Qxg3 40. Qxb5+ Kd6 41. Rf6+ Kc7 42. Qb6+ Kc8 43. Qe6+ Kb8 44. Qd6+ Qxd6 45. Rxd6 Nf5 46. Re6 Rg5 47. Re5 Kc7 48. e4 1-0

[Event "POL-ch U18 Girls"]
[Site "Szklarska Poreba"]
[Date "2016.03.14"]
[Round "2"]
[White "Stochnialek, Dominika"]
[Black "Kozaczynska, Aleksandra"]
[Result "0-1"]
[WhiteElo "1448"]
[BlackElo "1683"]
[PlyCount "60"]
[EventDate "2016.03.13"]
[EventType "swiss"]
[EventRounds "9"]
[EventCountry "POL"]
[SourceTitle "EXT 2018"]
[Source "ChessBase"]
[SourceDate "2017.10.13"]
[SourceVersion "1"]
[SourceVersionDate "2017.10.13"]
[SourceQuality "1"]

1. e4 c5 2. Nf3 d6 3. d4 cxd4 4. Nxd4 Nf6 5. Nc3 g6 6. Be3 Bg7 7. f3 a6 8. Qd2 b5 9. 0-0-0 Bb7 10. g4 h5 11. Bh3 hxg4 12. Bxg4 Nbd7 13. Qg2 Ne5 14. h3 Qa5 15. Nb3 Qc7 16. Bd4 Nc4 17. Qe2 e5 18. Bf2 Bh6+ 19. Kb1 Bf4 20. Qd3 b4 21. Ne2 Bh6 22. Nbc1 a5 23. b3 Na3+ 24. Kb2 Ke7 25. c4 a4 26. Be3 Bxe3 27. Qxe3 Ba6 28. Nd3 Qxc4 29. bxc4 Nxc4+ 30. Kb1 Nxe3 0-1